| 000 | 00545nam a2200181 i 4500 | ||
|---|---|---|---|
| 001 | 103641 | ||
| 003 | ES-MaACL | ||
| 005 | 20230906183420.0 | ||
| 007 | t| | ||
| 008 | 060426s1972 pr ||||1| spa d | ||
| 080 | _a347.7(729.5) | ||
| 100 | 1 |
_aSanta Pinter, J. J. _9103249 |
|
| 245 | 1 | 0 |
_aIntroducción al derecho mercantil de Puerto Rico / _cJ. J. Santa-Pinter. |
| 260 |
_aRío Piedras : _bEdil, _c1972. |
||
| 300 |
_aXIII, 236 p. ; _c19 cm. |
||
| 650 | 1 | 4 |
_aDerecho mercantil- _zPuerto Rico. _911739 |
| 852 |
_aES-MaACL _jC-56868 _bR.137498 |
||
| 999 |
_c103641 _d103641 |
||